Financial management : (Record no. 51685)
[ view plain ]
| 000 -LEADER | |
|---|---|
| fixed length control field | 01171nam a22002897a 4500 |
| 005 - DATE AND TIME OF LATEST TRANSACTION | |
| control field | 20110420103534.0 |
| 008 - FIXED-LENGTH DATA ELEMENTS--GENERAL INFORMATION | |
| fixed length control field | 110420t xxu||||| |||| 00| 0 eng d |
| 010 ## - LCCN (DPL NO) | |
| LC control number | ENG-102242 |
| 020 ## - INTERNATIONAL STANDARD BOOK NUMBER | |
| International Standard Book Number | 9780071067850 |
| Terms of availability | 575.00 |
| 020 ## - INTERNATIONAL STANDARD BOOK NUMBER | |
| International Standard Book Number | 007106785x |
| Terms of availability | 575.00 |
| 035 ## - SYSTEM CONTROL NUMBER | |
| System control number | EN-85775 |
| 035 ## - SYSTEM CONTROL NUMBER | |
| System control number | G-001485 |
| 037 ## - SOURCE OF ACQUISITION | |
| Source of stock number/acquisition | DBAD/PUB |
| 040 ## - CATALOGING SOURCE | |
| Original cataloging agency | DPL |
| Language of cataloging | Eng |
| 082 ## - DEWEY DECIMAL CLASSIFICATION NUMBER | |
| Classification number | 658.15 |
| 100 ## - MAIN ENTRY--PERSONAL NAME | |
| Personal name | Khan, M.Y. |
| 9 (RLIN) | 27338 |
| 245 ## - TITLE STATEMENT | |
| Title | Financial management : |
| Statement of responsibility, etc | by M.Y.Khan [and] P.K. Jain |
| Remainder of title | text, problems and cases / |
| 250 ## - EDITION STATEMENT | |
| Edition statement | 6th ed |
| 260 ## - PUBLICATION, DISTRIBUTION, ETC. (IMPRINT) | |
| Place of publication, distribution, etc | New Delhi |
| Name of publisher, distributor, etc | Tata McGraw Hill |
| Date of publication, distribution, etc | 2011 |
| 270 ## - ADDRESS | |
| Address | 7, West Patel Nagar |
| City | New Delhi |
| Postal code | 110008 |
| 300 ## - PHYSICAL DESCRIPTION | |
| Extent | Various pagings |
| Dimensions | 24cm (pbk) |
| Accompanying material | 1CD-ROM |
| 500 ## - GENERAL NOTE | |
| General note | Includes bibliographical references and index. |
| 700 ## - ADDED ENTRY--PERSONAL NAME | |
| Personal name | Jain, P.K. |
| 9 (RLIN) | 27339 |
| 942 ## - ADDED ENTRY ELEMENTS (KOHA) | |
| Source of classification or shelving scheme | Dewey Decimal Classification |
| Item type | English Books |
| Call number suffix | KHA |
| Classification part | 658.15 |
| Withdrawn status | Lost status | Source of classification or shelving scheme | Damaged status | Not for loan | Collection code | Home library | Current library | Date acquired | Source of acquisition | Cost, normal purchase price | Total Checkouts | Full call number | Barcode | Date last seen | Copy number | Cost, replacement price | Koha item type | Total Renewals |
|---|---|---|---|---|---|---|---|---|---|---|---|---|---|---|---|---|---|---|
| Dewey Decimal Classification | Not For Loan | Non-fiction | D.B.Act.Division | D.B.Act.Division | 20/04/2011 | DBAD/PUB | 575.00 | 658.15 KHA | EN-85775 | 20/04/2011 | 1 | 575.00 | English Books | |||||
| Dewey Decimal Classification | Non-fiction | Janak Puri | Janak Puri | 26/09/2011 | gift | 575.00 | 32 | 658.15 KHA | G-001485 | 02/09/2025 | 1 | 575.00 | English Books | 9 |
